| 000 | 00542nam a2200157Ia 4500 | ||
|---|---|---|---|
| 003 | OSt | ||
| 005 | 20230525142931.0 | ||
| 008 | 211028s2010 xx 000 0 und d | ||
| 040 | _cAIMIT LIBRARY | ||
| 041 | _aeng | ||
| 100 |
_aDsouza, Rashmi Venex; Rebello, Santhosh. _g81816 _99132 |
||
| 110 |
_aSanthosh Rebello _99133 |
||
| 245 | _aSpyMGASLacGenePred: a tool to predict Lac Gene structures in Streptococcus Pyogenes M group A Streptococcus strains using back propagation neural network. | ||
| 260 |
_aMangalore _c2010 |
||
| 942 |
_2ddc _cPRO |
||
| 999 |
_c220229 _d220229 |
||